Statistics for Biggest cat species on each continent

Click here to take the quiz!

General Stats

  • This quiz has been taken 37 times
  • The average score is 5 of 6

Answer Stats

HintAnswer% Correct
AfricaLion
100%
AsiaSiberian Tiger
100%
South AmericaJaguar
95%
North AmericaCougar
84%
EuropeEurasian Lynx
73%
AustraliaDomestic Cat
65%

Score Distribution

Percentile by Number Answered

Percent of People with Each Score

Your Score History

You have not taken this quiz